|
|
|
|
| LEADER |
04279nam a2201009 i 4500 |
| 001 |
nkc20253667109 |
| 003 |
CZ PrNK |
| 005 |
20250217111412.0 |
| 007 |
ta |
| 008 |
250121t20242024xr ach e c 000 0dcze |
| 015 |
|
|
|a cnb003667109
|
| 020 |
|
|
|a 978-80-87038-41-3
|q (vázáno)
|
| 035 |
|
|
|a (OCoLC)1498300325
|
| 040 |
|
|
|a ABA001
|b cze
|e rda
|
| 041 |
1 |
|
|a cze
|a eng
|a pol
|h cze
|
| 043 |
|
|
|a e-xr---
|b e-xr-mo
|2 czenas
|
| 045 |
|
|
|a x-x-
|
| 072 |
|
7 |
|a 72/76
|x Výtvarné umění
|2 Konspekt
|9 21
|
| 080 |
|
|
|a 75.071.1
|2 MRF
|
| 080 |
|
|
|a 72.071.1
|2 MRF
|
| 080 |
|
|
|a 910.4-051
|2 MRF
|
| 080 |
|
|
|a 069.424-051
|2 MRF
|
| 080 |
|
|
|a 75(437.3)
|2 MRF
|
| 080 |
|
|
|a 72/76(5)
|2 MRF
|
| 080 |
|
|
|a 645/646
|2 MRF
|
| 080 |
|
|
|a 069.5-027.551
|2 MRF
|
| 080 |
|
|
|a 069.5
|2 MRF
|
| 080 |
|
|
|a (437.3)
|2 MRF
|
| 080 |
|
|
|a (437.326)
|2 MRF
|
| 080 |
|
|
|a (048.8)
|2 MRF
|
| 080 |
|
|
|a (083.82)
|2 MRF
|
| 100 |
1 |
|
|a Málková, Květoslava,
|d 1976-
|7 mzk2007382170
|4 aut
|
| 245 |
1 |
0 |
|a Karel Schara (1896-1968), světový umělec, cestovatel a dobrodruh =
|b Karel Schara (1896-1968), internationally acclaimed artist, traveller and adventurer = Karel Schara (1896-1968), światowy artysta, podróżnik i poszukiwacz przygód /
|c Květoslava Málková, Petr Vojtal ; překlad do angličtiny a polštiny: Skřivánek s.r.o.
|
| 246 |
1 |
|
|i Název v tiráži:
|a Karel Schara (1896-1968), světový umělec, cestovatel a dobrodruh ve sbírkách Muzea v Bruntále
|
| 246 |
3 |
|
|a K. Šara 1896-1968
|
| 246 |
3 |
1 |
|a Karel Schara (1896-1968), internationally acclaimed artist, traveller and adventurer
|
| 246 |
3 |
1 |
|a Karel Schara (1896-1968), światowy artysta, podróżnik i poszukiwacz przygód
|
| 246 |
1 |
8 |
|a Karel Schara 1896-1968
|
| 250 |
|
|
|a 1. vydání
|
| 264 |
|
1 |
|a [Bruntál] :
|b Muzeum v Bruntále,
|c [2024]
|
| 264 |
|
4 |
|c ©2024
|
| 300 |
|
|
|a 272 stran :
|b ilustrace (některé barevné), portréty, faksimile ;
|c 22 x 24 cm +
|e příloha (1 list : ilustrace ; 13 x 13 cm)
|
| 336 |
|
|
|a text
|b txt
|2 rdacontent
|
| 336 |
|
|
|a statický obraz
|b sti
|2 rdacontent
|
| 337 |
|
|
|a bez média
|b n
|2 rdamedia
|
| 338 |
|
|
|a svazek
|b nc
|2 rdacarrier
|
| 500 |
|
|
|a Název z obálky
|
| 500 |
|
|
|a Životopisná data
|
| 500 |
|
|
|a 300 výtisků
|
| 500 |
|
|
|a Na rubu obrazové přílohy jsou QR kódy pro stažení audioknihy
|
| 504 |
|
|
|a Obsahuje bibliografii a bibliografické odkazy
|
| 546 |
|
|
|a Souběžný anglický a polský text
|
| 600 |
1 |
7 |
|a Schara, Karel,
|d 1896-1968
|7 jo20211104353
|2 czenas
|
| 610 |
2 |
7 |
|a Muzeum (Bruntál, Česko)
|7 kn20010709067
|2 czenas
|
| 648 |
|
7 |
|a 20. století
|7 ch460558
|2 czenas
|
| 650 |
0 |
7 |
|a malíři
|7 ph122596
|z Česko
|y 20. století
|2 czenas
|
| 650 |
0 |
7 |
|a architekti
|7 ph118582
|z Česko
|y 20. století
|2 czenas
|
| 650 |
0 |
7 |
|a cestovatelé
|7 ph119109
|z Česko
|y 20. století
|2 czenas
|
| 650 |
0 |
7 |
|a sběratelé
|7 ph125434
|z Česko
|y 20. století
|2 czenas
|
| 650 |
0 |
7 |
|a české malířství
|7 ph116864
|y 20. století
|2 czenas
|
| 650 |
0 |
7 |
|a orientální umění
|7 ph297030
|2 czenas
|
| 650 |
0 |
7 |
|a osobní předměty
|7 ph630907
|2 czenas
|
| 650 |
0 |
7 |
|a soukromé sbírky
|7 ph135214
|z Česko
|y 20. století
|2 czenas
|
| 650 |
0 |
7 |
|a muzejní sbírky
|7 ph137908
|z Česko
|2 czenas
|
| 650 |
0 |
9 |
|a painters
|z Czechia
|y 20th century
|2 eczenas
|
| 650 |
0 |
9 |
|a architects
|z Czechia
|y 20th century
|2 eczenas
|
| 650 |
0 |
9 |
|a travellers
|z Czechia
|y 20th century
|2 eczenas
|
| 650 |
0 |
9 |
|a collectors
|z Czechia
|y 20th century
|2 eczenas
|
| 650 |
0 |
9 |
|a Czech painting
|y 20th century
|2 eczenas
|
| 650 |
0 |
9 |
|a Oriental art
|2 eczenas
|
| 650 |
0 |
9 |
|a personal requisites
|2 eczenas
|
| 650 |
0 |
9 |
|a private collections
|z Czechia
|y 20th century
|2 eczenas
|
| 650 |
0 |
9 |
|a museum collections
|z Czechia
|2 eczenas
|
| 651 |
|
7 |
|a Bruntál (Česko)
|7 ge128839
|2 czenas
|
| 651 |
|
9 |
|a Bruntál (Czechia)
|2 eczenas
|
| 655 |
|
7 |
|a monografie
|7 fd132842
|2 czenas
|
| 655 |
|
7 |
|a katalogy
|7 fd132535
|2 czenas
|
| 655 |
|
9 |
|a monographs
|2 eczenas
|
| 655 |
|
9 |
|a catalogs
|2 eczenas
|
| 700 |
1 |
|
|a Vojtal, Petr
|7 ola2004231428
|4 aut
|
| 710 |
2 |
|
|a Skřivánek (firma)
|7 xx0028031
|4 trl
|
| 710 |
2 |
|
|a Muzeum (Bruntál, Česko)
|7 kn20010709067
|4 isb
|
| 910 |
2 |
|
|a BOA001
|b 2-1537.721
|
| 990 |
|
|
|a BK
|
| 995 |
|
|
|a 01
|
| 991 |
|
|
|b 202501
|c NOV
|
| 996 |
6 |
|
|b 2610992982
|c 2-1537.721
|l MZK
|r Sklad / do 1 hodiny
|n 0
|p p.v.
|w 001992325
|u 000010
|a 1
|e BOA001
|j MZK50
|s P
|